LEADER 01446nam a2200349 u 4500 001 000000025058 003 CaOOAMICUS 005 20070226111424.0 008 950725s1968 it u000 u ita u 035 $a10639144 040 $aIAR$bita$dPUL(R) 041 1 $aita$hfre 100 1 $aLubac, Henri de,$cS.I.,$d1896-1991.$0(OLS)http://pul/name/6263 240 10$aAugustinisme et théologie moderne.$lItaliano.$0(OLS)http://pul/title/34560 245 10$aAgostinismo e teologia moderna /$cHenri Lubac. 260 $aBologna :$bIl Mulino,$cc1968. 300 $axliii, 359 p. ;$c20 cm 490 1 $aCollana di studi religiosi 500 $aComprende indici. 504 $aBibliografia in nota. 600 04$aAugustinus,$cs., vesc. d'Ippona,$d354-430.$0(OLS)http://pul/subject/758 650 4$aSpiritualità agostiniana.$0(OLS)http://pul/subject/14910 650 4$aGiansenismo.$0(OLS)http://pul/subject/2126 830 0$aCollana di studi religiosi (Il Mulino).$0(OLS)http://pul/title/7461 850 $aPUL 852 $aPUL$W1$xSL Religione 1$y3$m55 M 16$j35047$nBK-PRI$b $qStampati$B35047$CPULBib$Z2$F35047 $H $81 900 $aDe Lubac, Henri$96263 941 1 $a8 960 $aAgostino,$cs., vesc. d'Ippona,$d354-430$9758 961 $aINV: 29941 996 $6245$aAgostinismo e teologia moderna$9(OLS)http://pul/title/34561 996 $6260$aBologna :$bIl Mulino$9(OLS)http://pul/publisher/47928 LEADER 01248nam a2200277 u 4500 001 000000081553 003 CaOOAMICUS 005 20070226123752.0 008 050324s1886 it u000 u ita u 035 $a11035913 040 $aPUL(R)$bita 041 1 $aita$hgrc 100 0 $aPlato,$d427-347 a.C.$0(OLS)http://pul/name/250 240 10$aTimaeus$9(Plato, 427-347 a.C.).$lItaliano.$0(OLS)http://pul/title/106643 245 10$aDialoghi di Platone :$bIl Timeo e l'Eutifrone /$cvolgarizzati da Francesco Acri. 260 $aNapoli :$bDomenico Morano,$c1886. 300 $a186 p. ;$c21 cm 700 1 $aAcri, Francesco,$d1834-1913.$0(OLS)http://pul/name/24828 700 02$aPlato,$d427-347 a.C.$tEutifrone$9(Plato, 427-347 a.C.)$lItaliano.$0(OLS)http://pul/name/54347 850 $aPUL 852 $aPUL$W1$xDP1 Fondo Cecchetti$y53$m260 B 72$j104002$nBK-PRI$qFondi$B104002$CPULBib$Z2$F104002 $81 852 $aPUL$W1$xDP1 Fondo Cecchetti$y53$m260 J 53$j194484$nBK-PRI$b $qFondi$B104003$CPULBib$Z2$F104003 $81 900 $aPlatone,$d427-347 a.C.$9250 941 1 $a1 996 $6245$aDialoghi di Platone :$bIl Timeo e l'Eutifrone$9(OLS)http://pul/title/106644 996 $6260$aNapoli :$bDomenico Morano$9(OLS)http://pul/publisher/70788